[Event "Rilton Cup 23rd"]
[Site "Stockholm"]
[Date "1993.??.??"]
[Round "5"]
[White "Engqvist, Thomas"]
[Black "Agrest, Evgenij"]
[Result "0-1"]
[WhiteElo "2420"]
[BlackElo "2465"]
[Annotator "Agrest,E"]
[PlyCount "66"]
[EventDate "1993.12.??"]
[EventType "swiss"]
[EventRounds "9"]
[EventCountry "SWE"]
[SourceTitle "EXT 2000"]
[Source "ChessBase"]
[SourceDate "1999.11.16"]
[SourceVersion "1"]
[SourceVersionDate "1999.11.16"]
[SourceQuality "1"]

1. d4 d6 2. c4 e5 3. Nf3 e4 4. Ng5 f5 5. f3 Be7 6. Nh3 Nf6 7. Nc3 c6 8. d5 $6
$146 (8. fxe4) 8... O-O 9. Nf2 Qe8 $32 10. g3 (10. fxe4 Nxe4 11. Ncxe4 fxe4 12.
Nxe4 Bh4+ 13. Ng3 Qg6 $1 14. Qb3 (14. Qd3 Bf5) 14... Na6 $1 $40) 10... Bd8 11.
Bg2 exf3 (11... cxd5 $6 12. Nxd5 Ba5+ 13. b4) 12. Bxf3 Nbd7 $1 {/\ Ne5, Bb6-/+}
13. dxc6 $8 Ne5 14. Bg2 (14. cxb7 Nxf3+ 15. Kf1 Nxh2+ $1 $17) 14... bxc6 15.
Qxd6 Bb7 $44 16. Qb4 (16. O-O Bb6 {/\ Rd8, Neg4-/+}) 16... Rb8 17. O-O Nfd7 $1
{/\ Ba6, xc4; /\ Bb6} 18. b3 Bb6 19. Kh1 (19. e3 $142) 19... Qh5 $1 {/\ Bf2} (
19... Bxf2 20. Rxf2 Ng4 21. Rf1 Qh5 22. h4 $13) 20. Nd3 (20. c5 $5 Bxc5 21. Qf4
$15) 20... a5 $3 $17 21. Qa3 (21. Qd6 Rf6) (21. Qe7 Rbe8 22. Qh4 Qxh4 23. gxh4
Bd4 24. Bd2 (24. Bb2 Ng4) 24... Nxd3 25. exd3 Ne5 $17) 21... Nxd3 22. exd3 Bd4
23. Bd2 Ne5 24. Qd6 Ng4 25. h4 Be5 $1 $19 26. Qe6+ Kh8 27. Bf4 (27. Ne2 Bxg3 $1
) (27. Rf3 Bxg3 28. Rxg3 Qxh4+ 29. Rh3 Nf2+ 30. Kh2 Nxh3 31. Bxh3 Qf2+) 27...
Rbe8 28. Qd7 Bc8 29. Qxc6 Bxc3 30. Rac1 Be5 31. Bxe5 Nxe5 32. Qd6 f4 $1 33.
Rce1 f3 0-1

[Event "Malmo2"]
[Site "Malmo"]
[Date "1993.??.??"]
[Round "?"]
[White "Schussler, Harry"]
[Black "Agrest, Evgenij"]
[Result "0-1"]
[WhiteElo "2465"]
[BlackElo "2465"]
[Annotator "Agrest,E"]
[PlyCount "80"]
[EventDate "1993.??.??"]
[EventType "tourn"]
[EventRounds "9"]
[EventCountry "SWE"]
[SourceTitle "CBM 040"]
[Source "ChessBase"]
[SourceDate "1994.06.01"]
[SourceVersion "1"]
[SourceVersionDate "1994.06.01"]
[SourceQuality "1"]

1. d4 d6 2. Nf3 Bg4 3. c4 Bxf3 4. gxf3 g6 5. Nc3 Bg7 6. f4 Nc6 $5 7. e3 (7. d5
$5) 7... e5 8. fxe5 dxe5 9. d5 Nce7 10. c5 Nf6 11. e4 (11. Bc4 $5 {/\ b4, Bb2 
()-/+}) 11... O-O 12. Be2 b6 $132 13. Be3 (13. b4 a5 $1 14. Ba3 axb4 15. Bxb4
bxc5 16. Bxc5 c6 $1 $132 {/\ Qa5}) 13... Nd7 14. b4 a5 15. cxb6 $6 (15. a3 $142
axb4 16. axb4 Rxa1 17. Qxa1 f5 $13) (15. c6 axb4 $1) 15... cxb6 16. Qb3 Nc8 17.
h4 $6 {x Ke1} Nd6 18. h5 Nf6 19. Bf3 Rc8 {/\ 20...ab4 21.Qb4 Rc4-/+} 20. bxa5
bxa5 21. Rc1 Qd7 $1 {/\ Rb8, Rfc8; /\ Rc4, Rfc8} 22. Ke2 $6 (22. hxg6 $142 hxg6
(22... fxg6 $5 {<->f}) 23. Kf1) (22. Kf1 $5) 22... Rb8 23. Qd1 (23. Qc2 Nc4 $1)
23... Rfc8 24. Kf1 Rb4 25. Qd3 Rbc4 26. Kg2 Qb7 $1 $17 {/\ Qb4, Qb2} 27. hxg6
hxg6 28. Bg5 Qb4 29. Bxf6 $8 Bxf6 (29... Rxc3 $2 30. Rxc3 (30. Bxg7 $5 Rxc1 (
30... Rxd3 $4 31. Bf6 $18) (30... Kxg7 31. Qd2 $40) 31. Bxe5 $44) 30... Qxc3 (
30... Rxc3 31. Bxg7 Kxg7 32. Qd2 $40) 31. Qxc3 Rxc3 32. Be7 $13) 30. Ne2 Bg5
31. Rxc4 Qxc4 32. Rd1 (32. Qxc4 $142 Rxc4 33. Ng3 $17) 32... Qxa2 33. Qa6 Rd8
34. Nc3 Qc2 $1 $19 35. Qxa5 $2 $138 (35. Qd3 $142 Qxd3 36. Rxd3 Rb8 $19) 35...
Nc4 36. Qb4 Ne3+ 37. Kg1 Nxd1 38. Nxd1 Kg7 $1 39. Nc3 Qd2 40. Qc4 Qc1+ 0-1

[Event "EU-ch 2nd"]
[Site "Ohrid"]
[Date "2001.06.12"]
[Round "11"]
[White "Atalik, Suat"]
[Black "Sturua, Zurab"]
[Result "1-0"]
[WhiteElo "2537"]
[BlackElo "2600"]
[Annotator "Atalik,S"]
[PlyCount "65"]
[EventDate "2001.06.01"]
[EventType "swiss"]
[EventRounds "13"]
[EventCountry "YUG"]
[SourceTitle "CBM 084"]
[Source "ChessBase"]
[SourceDate "2001.09.13"]
[SourceVersion "1"]
[SourceVersionDate "2001.09.13"]
[SourceQuality "1"]

1. d4 d6 2. Nf3 Bg4 3. c4 c6 4. Nc3 Nd7 5. e4 e5 6. Be2 Be7 7. d5 {White
indirectly prevents blacks freeing attempt by Bf3 and Bg5.} Ngf6 8. Be3 {
White is ready for Nd2.} Bxf3 $5 9. Bxf3 O-O 10. h4 $1 {I like this
prophylactic move.White will stay in kingswing with Ps g3,h4 and look for more
play on the other side.} Ne8 11. g3 Qb8 $1 {Very fine pasitinal play black
tries to exchange his bishop from another point.} 12. Rb1 $1 {White has to
expand more in queenside.} a5 13. a3 Bd8 14. b4 axb4 15. axb4 c5 $1 (15... Bb6
$2 16. c5 $1 {is the motif in whites plan with Rb1,b4.}) 16. bxc5 Ba5 17. Qc2
dxc5 (17... Nxc5 $6 18. O-O {is not coherent with black's previous moves.}) 18.
O-O Bxc3 $1 {Super play black parts with his bishop and prepares for Nd6,Qc7.}
19. Qxc3 Nd6 20. Qc2 Qc7 21. Be2 Ra3 $2 {This spoils everything.Up to this
point Zurab played an original and effective game,but this move helps white.} (
21... f5 $1 22. exf5 Nxf5 23. Qe4 Nd4 24. Bg5 Nf6 25. Bxf6 Rxf6 (25... gxf6 26.
d6 Qxd6 27. Qg4+ Kh8 28. Rxb7 Rg8 29. Qh5 $11) 26. Bd3 g6 27. d6 Qxd6 28. Qxb7
Rd8 29. Be4 Ne2+ 30. Kg2 Nc3 $11) 22. Bc1 Ra6 23. Bd3 {f5 should be prevented.}
Re8 24. Bb2 $16 {White is in the driver's seat!} f5 $6 {This make things even
worse.} 25. Rfe1 fxe4 26. Bxe4 Nxe4 27. Rxe4 Rf8 28. Rbe1 Rf5 $2 {Zurab drifts.
} (28... Raf6 29. R1e2 (29. f4 Rg6 30. fxe5 Rxg3+ 31. Kh1 Rff3 32. R4e2 Rg4 33.
Rg2 Rxh4+ 34. Rh2 Rff4 $132) (29. Bxe5 Nxe5 30. Rxe5 Rxf2 31. Qxf2 Rxf2 32.
Kxf2 Qa5 33. Re8+ Kf7 34. R8e7+ Kf8 35. R7e3 h5 $16 {is not that tremendous
for white}) 29... Rf5 30. Bc3 $1 $16 (30. Qc3 Qd6 31. f4 Qg6 $132)) 29. R4e3 $1
Raf6 30. f4 $18 exf4 31. Re8+ Nf8 32. R1e7 {Simplest.} Qb6 33. g4 $1 (33. Qxf5
$2 Qxb2) (33. g4 $1 f3 34. gxf5 $18) 1-0

[Event "Olympiad-36"]
[Site "Mallorca"]
[Date "2004.10.27"]
[Round "12"]
[White "Atalik, Suat"]
[Black "Vallejo Pons, Francisco"]
[Result "0-1"]
[WhiteElo "2541"]
[BlackElo "2678"]
[Annotator "Atalik,S"]
[PlyCount "68"]
[EventDate "2004.10.15"]
[EventType "team-swiss"]
[EventRounds "14"]
[EventCountry "ESP"]
[SourceTitle "CBM 104"]
[Source "ChessBase"]
[SourceDate "2005.01.27"]
[SourceVersion "1"]
[SourceVersionDate "2005.01.27"]
[SourceQuality "1"]
[WhiteTeam "Bosnia&Herzegovina"]
[BlackTeam "Spain"]
[WhiteTeamCountry "BIH"]
[BlackTeamCountry "ESP"]

1. d4 {Ribli} d6 2. Nf3 g6 3. c4 Bg7 4. e4 Bg4 5. Be2 Nc6 6. Be3 Bxf3 7. Bxf3
e5 8. d5 Nd4 9. Bxd4 exd4 10. Nd2 Ne7 $1 {Well this should not change the
assesment of the line. The move he has chosen is the best but still white
should be better.} 11. O-O O-O 12. Be2 $5 {Playing on the other side of the
board is another idea.} (12. b4 a5 13. a3 c6 (13... axb4 14. axb4 Rxa1 15. Qxa1
$14) 14. Qb3 axb4 15. axb4 $14 Qb6 $140 $2 16. c5 dxc5 17. Rxa8 Rxa8 18. d6 $16
) 12... c5 13. f4 $6 {Trying to gain some space but the side effect is the
weakening of e3 square. Ribli: 'Weiß mobilisiert seine Mehrheit am
Königsflügel. Der Nachteil des Textzugs ist, dass der e3-Punkt geschwächt wird.
'} (13. dxc6 Nxc6 14. Bd3 Ne5 15. Nf3 $11 {is more or less equal.}) (13. Bd3
Qd7 (13... g5 $6 14. Qg4 Ng6 15. Nf3 h6 16. g3 Qc8 17. Qh5 g4 18. Nh4 Nxh4 19.
Qxh4 $16) 14. Nf3 h6 15. h4 Qg4 16. g3 $14) 13... f5 {Ribli: 'Auf diese Weise
bekommt Schwarz Gegenspiel - nach fxe4 Nxe4 - zielt sein Springer auf das
f5-Feld.'} 14. Bd3 fxe4 (14... Qb6 15. Qb3 $1 (15. exf5 $6 {Dubious.} Nxf5 16.
Bxf5 gxf5 17. Rb1 Rae8 $15) (15. Qc2 fxe4 16. Bxe4 Nf5 17. Bxf5 gxf5 (17...
Rxf5 $11 {Ribli}) 18. Rae1 d3 19. Qxd3 Qxb2 20. Nf3 Qxa2 21. Ng5 Qb2 22. Ne6
$44) (15. Rb1 $6 fxe4 16. Bxe4 Rae8 17. Qc2 Nf5 18. Bxf5 gxf5 (18... Rxf5 19.
Ne4 $16) 19. Nf3 Re3 20. Ng5 d3 21. Qd1 Qa6 22. Qh5 h6 23. Ne6 Rf7 $15) 15...
Qxb3 16. axb3 $14) 15. Nxe4 $5 {Hell I care about my e3 square. I just wanted
to beat this guy! The move was criticised by many people including GM Loek van
Wely.} (15. Bxe4 Nf5 {Ribli} 16. Bxf5 Rxf5 17. Ne4 $14) 15... Nf5 16. Qg4 $1 {
The queen has to sail out.} (16. Ng5 Ne3 17. Qf3 Qe7 (17... Qd7 18. Rf2 b5 19.
b3 bxc4 20. bxc4 Rab8 21. Ne6 Rf6 22. Qh3 $13) 18. Rfe1 (18. Rf2 b5 19. b3 bxc4
20. bxc4 Rab8 $132 {Once again the b line is very important in the game.})
18... Be5 19. Ne6 Bxf4 20. Nxf8 Rxf8 21. Qh3 Qf6 $44) 16... Qe7 (16... Ne3 {
Ribli} 17. Qe6+ $16) 17. Rf3 $2 {My real mistake in the game. After this the
Spanish Grandmaster's play is impressive.} (17. Rae1 $5 {is a move a la Ivan
Sokolov.} Ne3 18. Ng5 Rae8 (18... Bh6 19. Qe6+ Qxe6 20. Nxe6 Nxf1 21. Rxf1 Rf7
22. g4 $44) 19. Qh3 Bf6 20. Ne6 Nxf1 21. Rxf1 $44) (17. Rf2 $5 Ne3 $1 (17... b5
$6 {In this case this is the wrong idea black should keep b line closed for a
while.} 18. b3 Ne3 (18... bxc4 19. bxc4 Ne3 20. Qh3 Rab8 21. Ng5) 19. Qh3 bxc4
20. bxc4 Bf6 21. Rb1 Rab8 22. Rfb2 Rxb2 23. Rxb2 $16) 18. Qh3 Bf6 19. b3 Rae8
20. Rb1 a6 21. a4 b5 22. axb5 axb5 23. Ra2 $13) (17. Rfe1 $1 Rae8 18. Qh3 Ne3
19. Ng5 Bf6 20. Ne6 Rf7 21. a4 $14) 17... b5 $1 {The b line is very important.
Ribli: 'Schwarz mobilisiert seine Reserven am Damenflügel - er kann die
b-Linie öffnen.'} 18. b3 (18. cxb5 $2 {Ribli} c4 $19) 18... bxc4 19. bxc4 Ne3 {
Ribli: 'Schwarz hat einen starken und gut verteidigten Springer auf e3.'} 20.
Qe6+ $2 {This is always wrong.} ({Despite of everything I had to try} 20. Qh3
Bf6 (20... Nxc4 $2 21. Ng5 h6 22. Bxc4 hxg5 23. Qe6+ Qxe6 (23... Rf7 24. fxg5
Qxe6 25. dxe6 Re7 26. Rb1 $16) 24. dxe6 Rxf4 25. e7+ $18 {and white wins a
rook.}) 21. Rb1 Rab8 22. Rxb8 Rxb8 23. Rf2 $1 $13 {and white is still in the
game.}) (20. Qg3 $6 Bf6 (20... Nxc4 21. Nxc5 Nd2 22. Ne6 Nxf3+ 23. Qxf3 Rfc8
$17) 21. f5 Be5 22. f6 Qd7 23. Qh4 Rab8 $17) 20... Qxe6 21. dxe6 Rfe8 $1 {
Simple and effective.} (21... d5 $5 {Even this works for him.} 22. cxd5 c4 23.
Bxc4 Nxc4 24. Rc1 $3 (24. d6 Rfe8 25. e7 Nxd6 26. Nxd6 Rxe7 $17) 24... Rac8 25.
Rff1 d3 26. d6 d2 27. Rcd1 Bd4+ 28. Kh1 Ne3 29. Nxd2 Nxf1 30. Nxf1 Bf6 31. g4
Rfd8 32. Ne3 Kf8 33. f5 $44) 22. Nxd6 Rxe6 23. Ne4 Bf8 24. Ng3 {I started an
operation to get rid of his best piece in the game:Ne3.} (24. Rb1 Rb6 $1) 24...
Rb8 {Ribli: 'Schwarz hat die Herrschaft über die b-Linie.'} 25. f5 Ra6 $1 $17 (
25... Reb6 {Ribli} 26. fxg6 hxg6 $17) 26. fxg6 hxg6 27. Nf1 {Ribli: 'Weiß
möchte den gefährlichen e3-Springer tauschen.'} Bh6 28. Nxe3 dxe3 $1 29. Be4 {
Good or bad I had to try something.} Re8 30. Bd5+ $6 (30. Bb7 Rb6 31. Bd5+ Kh8
32. Rh3 Kg7 33. Rf1 Rf6 34. Rxf6 Kxf6 35. Bf3 Rb8 36. Kf1 Rb1+ 37. Ke2 Rb2+ 38.
Kd1 Bf4 39. Rh8 Rd2+ 40. Ke1 Be5 41. Be2 Rxa2 42. g3 $19 {was more resilient.})
30... Kh8 31. Rh3 {A sad necessity.} ({After the normal looking} 31. Kf1 {
he wins by force.} e2+ $1 32. Ke1 Bd2+ $1 33. Kxd2 Rxa2+ 34. Rxa2 e1=Q+ 35. Kd3
Qb1+ 36. Rc2 Qd1+ 37. Kc3 Rb8 $19) 31... e2 $1 32. Kf2 (32. Re1 Kg7 33. Rd3
Rxa2 34. Bf3 (34. Kf2 Bd2 $1 35. Rxe2 Be1+ $1 $19 {is another nasty idea.})
34... Be3+ $19) 32... Rxa2 33. Re1 Kg7 34. Kf3 {This gives up immediately but
anyway there was no way out!} (34. Rb3 Bd2 35. Rxe2 Be1+ $1 36. Kxe1 Rexe2+ $19
) ({The most resilient is} 34. Bf3 $142 Be3+ 35. Kg3 Bd4 36. Kg4 a5 $22 ({
he should not fall in the obvious trap.} 36... Bc3 $2 37. Rxe2 Rexe2 38. Bxe2))
34... Rf8+ 0-1

[Event "SRB-chT"]
[Site "Vrnjacka Banja"]
[Date "2012.09.29"]
[Round "1.1"]
[White "Atalik, Suat"]
[Black "Chatalbashev, Boris"]
[Result "1-0"]
[WhiteElo "2603"]
[BlackElo "2549"]
[Annotator "Atalik,S"]
[PlyCount "101"]
[EventDate "2012.09.29"]
[EventType "team-tourn"]
[EventRounds "11"]
[EventCountry "SRB"]
[SourceTitle "CBM 151"]
[Source "ChessBase"]
[SourceDate "2012.11.13"]
[SourceVersion "1"]
[SourceVersionDate "2012.11.13"]
[SourceQuality "1"]
[WhiteTeam "Paracin"]
[BlackTeam "Smederevska Palanka"]
[WhiteTeamCountry "SRB"]
[BlackTeamCountry "SRB"]

1. d4 d6 2. g3 $5 {I have started to like this little move more and more.} c5 (
2... Nf6 3. Bg2 g6 4. e4 Bg7 5. Ne2 O-O 6. O-O {is flexible.}) 3. dxc5 $5 (3.
Nf3 cxd4 4. Nxd4 Nc6 (4... e5 5. Nb3 Nf6 6. Bg2 Nc6 7. Bg5 $14) 5. Bg2 Bd7 6.
O-O (6. c4 g6 $1) 6... g6 7. e4 Bg7 8. Ne2 Nf6 9. Nbc3 O-O 10. h3 Rb8 11. a4 a6
12. Nd5 b5 13. axb5 axb5 14. Be3 $14 {are some known lines.}) 3... Qa5+ 4. Nc3
Qxc5 5. Bg2 Nf6 6. Nh3 $1 $146 {The knight should be developed from the rim.}
e6 $1 {covers d5.} (6... g6 7. Nf4 Bg7 8. Ncd5 Nxd5 9. Nxd5 Qa5+ 10. Bd2 Qd8
11. Bc3 $14 {is OK and probes the weakness of the d5-square when Black goes
for the fianchetto.}) 7. O-O Be7 8. Be3 Qa5 9. Bf4 $1 d5 (9... O-O 10. Bxd6 Rd8
11. Bxe7 Rxd1 12. Rfxd1 $44 {was my big idea. Does it really work? White at
least can not be worse.}) 10. e4 Nxe4 (10... dxe4 11. Ng5 {as usual.}) 11. Nxe4
dxe4 12. Bxe4 ({No need for} 12. Bd6 $6 Qd8 13. Bxe7 Qxd1 14. Rfxd1 Kxe7 15.
Bxe4 Nd7 $11) 12... Nc6 (12... e5 $6 13. Qh5 (13. Bd2 $5 Qd8 14. Be3 $32) 13...
Nd7 14. Bg5 Nf6 15. Bxf6 Bxf6 16. Ng5 Bxg5 17. Qxg5 O-O 18. c4 $14) 13. Bd2 (
13. Bd6 $6 Qd8 14. Bxe7 Qxd1 15. Rfxd1 Kxe7 $11) 13... Qc7 14. Nf4 ({The over
aggressive.} 14. Qh5 g6 15. Qh6 Bf8 16. Qh4 Bg7 17. Bh6 O-O 18. Ng5 Bxh6 19.
Qxh6 f6 $13 {looks playable for Black.}) 14... Bf6 $6 {Simply loses time.} (
14... O-O $142 15. Bc3 Rd8 16. Qh5 (16. Qg4 e5 17. Qh5 g6 18. Qh6 Bf8 19. Qh4
Be7 $11) 16... g6 17. Qh6 Bf8 18. Qh4 Be7 19. Bf6 Bxf6 20. Qxf6 Qe5 21. Qxe5
Nxe5 22. Rfd1 Bd7 23. Nd3 Bc6 $11) 15. c3 g6 (15... O-O 16. Nh5 Be7 17. Qe2 (
17. Nxg7 Kxg7 18. Qg4+ Kh8 19. Bxh7 $11) 17... g6 18. Nf4 Bf6 {transposes to
the game.}) 16. Qe2 O-O 17. Rad1 Ne5 (17... Bd7 18. Nd3 $36) 18. Be3 Qc4 19.
Bd4 Qxe2 (19... Qxa2 $2 20. Ra1 Qb3 21. Bc2 Qxb2 22. Rfb1 Nf3+ 23. Qxf3 Qxc2
24. Bxf6 $18) 20. Nxe2 Kg7 21. b3 {Solid but White might have started to lose
a big part of his advantage around this part of the game.} (21. Bc5 Rd8 (21...
Re8 22. b3 a5 23. Nd4 $14) 22. Rxd8 Bxd8 23. Bd4 Bf6 24. Rd1 Nc6 25. Bxf6+ Kxf6
26. Bxc6 bxc6 27. Rd6 Rb8 28. b3 c5 29. Rc6 Bb7 30. Rxc5 Rd8 $132) 21... a5 22.
c4 a4 23. Nc3 (23. Bxe5 $2 Bxe5 24. b4 a3 $132) 23... axb3 24. axb3 Nc6 $6 {
He failed to calculate the alternative properly.} (24... Ra3 $142 $1 25. Rb1 $5
{may turn out to be the only chance to keep the game alive} ({since} 25. Bc5
Rxb3 26. Bxf8+ Kxf8 27. Nb5 Nxc4 28. Na7 Nb6 29. Rb1 Ra3 30. Rxb6 (30. Nxc8
Nxc8 31. Bxb7 Nd6 $11) 30... Rxa7 $11)) 25. Bxf6+ Kxf6 26. Na4 {White has to
choose among a bunch of healthy looking alternatives.} ({I was not satisfied
with any of the following lines.} 26. Rd6 Ke7 27. Rfd1 Rd8 28. Rxd8 Nxd8 29.
Na4 Ra6 30. c5 Bd7 31. Bd3 Ra5 32. Nb6 Rxc5 $5 33. Nxd7 Kxd7 34. Bxg6+ Ke7 35.
Bxh7 f5 36. h4 Nf7 37. Bg6 Ne5 38. Bh5 Rc3 $44) (26. Bxc6 bxc6 27. Rd6 (27.
Ne4+ Ke7 28. Nc5 Rd8 29. Ra1 Bd7 $14) 27... Ra6 28. Na4 Ke7 29. Rfd1 e5 30. Nc5
Rb6 (30... Ra1 $2 31. Rxa1 Kxd6 32. Ne4+ $16) 31. R6d2 $14) 26... Ke7 (26...
Na5 {This is the move he proposed right after the game.} 27. Bc2 $1 (27. Nb6
Ra6 28. Nxc8 Rxc8 29. b4 Rxc4 30. Bd3 Rxb4 31. Bxa6 bxa6 $11) 27... Ke7 28. Nb6
Ra6 29. c5 $36) 27. c5 Rd8 28. Nb6 Ra3 $2 {Another crucial mistake.} (28... Ra5
$142 29. Bxc6 bxc6 30. b4 Ra7 (30... Rb5 31. Rxd8 Kxd8 32. Ra1 Bb7 33. Ra4 {
and the rook is eternally trapped.}) 31. Rd6 Bb7 32. Rfd1 Rxd6 33. cxd6+ (33.
Rxd6 $6 Ra1+ 34. Kg2 Ba6 $132) 33... Kd8 34. Nc4 Ra2 35. Na5 Ba8 36. Nb3 $16)
29. Rd6 (29. Bxc6 $2 bxc6 30. Rd6 Ba6) 29... Rxb3 30. Rfd1 $1 (30. Bxc6 $2 Rxb6
(30... bxc6 31. Ra1 Bb7 32. Ra7 Rxb6 33. cxb6 Kxd6 34. Rxb7 Rf8 35. Rc7 $44)
31. Rxd8 Rxc6 $11) 30... Rxb6 $2 {This is equivalent to resignation.} (30...
Rf8 $2 {loses because of the fork.} 31. Bxc6 bxc6 32. Rxc6 Ba6 33. Rc7+ Kf6 34.
Nd7+ $18) (30... Re8 31. Bxc6 bxc6 32. Rxc6 Ba6 33. Rd7+ (33. Rc7+ Kf6 34. Nd7+
Kf5 35. Re1 Rc8 36. Ra7 Bb5 37. c6 $1 Bxc6 38. Nc5 Rb2 39. Rxf7+ Kg5 40. Rxh7
$18) 33... Kf8 34. Rcc7 Rb1+ 35. Kg2 Bf1+ 36. Kf3 Rb3+ 37. Ke4 Bg2+ 38. Ke5 Rf3
39. Rd2 Kg7 40. Rc8 Rxc8 41. Nxc8 $18 {should also win due to the powerful
passed c-pawn.}) 31. Rxd8 Nxd8 32. cxb6 Bd7 33. Rc1 $18 f5 34. Bg2 e5 35. Bd5
Kd6 36. Rc7 Nc6 37. Bg2 $2 $138 {I did not see} ({the simple} 37. Rxb7 $18) (
37. Bxc6 Bxc6 38. Rxh7 Kc5 39. Rg7 Kxb6 40. Rxg6 Kc5 41. Kf1 (41. h4 b5 42. h5
b4 43. h6 b3 44. h7 b2) 41... b5 42. Ke2 $18) 37... e4 38. Rxb7 Nd4 39. Rc7 $2
(39. Ra7 Nc6 40. Ra8 $18) (39. Rb8 $18) 39... Ne6 40. Rc1 Bc6 41. Bf1 {After
having passed the time control, it became obvious that White's mistakes hadd
not jeopardised the win.} Bb7 (41... Nd4 42. Ba6 Bb7 43. Rd1 Bxa6 44. Rxd4+ Kc5
45. Rd7 Kxb6 46. Rxh7 $18 {with a technical win.}) 42. Bb5 (42. h4 $5) 42... g5
43. Rd1+ Kc5 44. Rd7 Kxb6 45. Rd6+ $1 {The simplest!} Kxb5 46. Rxe6 f4 (46...
Bc8 47. Re8 Bd7 48. Re7 Kc6 49. Rxh7 $18) 47. Re5+ Kc4 48. Rxg5 e3 49. gxf4 $1
(49. fxe3 fxe3 50. Kf1 Bf3 51. g4 Kd3 52. Rg7 $18) 49... e2 50. Re5 Kd3 (50...
Bf3 51. Re3 $1 $18 {cuts off the king and wins the game.}) 51. f3 (51. f3 Bxf3
52. Kf2 Bg4 53. f5 $18) 1-0

[Event "Leonid Stein Memorial-B"]
[Site "Lvov"]
[Date "2000.05.17"]
[Round "10"]
[White "Atalik, Suat"]
[Black "Kazakov, Mikhail"]
[Result "1/2-1/2"]
[WhiteElo "2575"]
[BlackElo "2426"]
[Annotator "Atalik,S"]
[PlyCount "79"]
[EventDate "2000.05.12"]
[EventType "tourn"]
[EventRounds "10"]
[EventCountry "UKR"]
[EventCategory "10"]
[SourceTitle "EXT 2002"]
[Source "ChessBase"]
[SourceDate "2001.11.25"]
[SourceVersion "1"]
[SourceVersionDate "2001.11.25"]
[SourceQuality "1"]

1. d4 d6 2. Nf3 Bg4 3. c4 Bxf3 4. exf3 Nd7 5. d5 $5 g6 6. Be3 Bg7 7. Qd2 e5 8.
dxe6 fxe6 9. Nc3 Ne7 10. g4 $1 Nc6 11. f4 e5 12. O-O-O O-O 13. fxe5 Ncxe5 $1
14. Be2 Nb6 15. f4 Ned7 16. h4 (16. Rhe1 Qf6 17. Ne4 Qf7 18. Ng5 Qf6 $11) 16...
Qe7 17. h5 Rae8 18. Bxb6 $1 Nxb6 19. hxg6 hxg6 20. Bd3 Qe3 $8 21. Bxg6 Nxc4 22.
Qxe3 Rxe3 23. Bh7+ Kf7 24. Bd3 b5 $8 25. g5 $6 (25. Bxc4+ bxc4 26. Nd5 Re2 27.
Rd2 Rxd2 28. Kxd2 Rb8 29. b3 c6 30. Ne3 cxb3 31. axb3 Rxb3 32. Nf5 Kf8 $1 $11)
25... Nxb2 26. Kxb2 b4 27. Kc2 Bxc3 $8 (27... bxc3 $2 28. f5 $18) 28. Rh7+ Kg8
29. Rxc7 Rxf4 30. Bc4+ Kf8 31. g6 $8 (31. Rxd6 $2 Rf2+ $19) 31... Be5 (31...
Rf2+ 32. Kb3) 32. Rf7+ $1 Rxf7 33. Bxf7 {Draw offer.} a5 $2 (33... Rc3+ 34. Kb2
Kg7 35. Rd5 Ra3+ 36. Kb1 a5 37. Rb5 $15) 34. Rd3 $1 Rxd3 35. Kxd3 a4 36. Kc2
Ke7 37. Kb1 Bg7 (37... Kf6 38. Be8 $11) 38. Bc4 Kf6 39. Bb5 Kxg6 40. Bxa4 $11
1/2-1/2